Ảnh hưởng của bức xạ gamma lên sự hình thành các dạng vô sinh và vô sinh F1 ở ruồi hại rau tại Đà Lạt /
Đã lưu trong:
| Príomhúdar: | |
|---|---|
| Formáid: | Luận văn |
| Teanga: | Vietnamese |
| Foilsithe: |
Đà Lạt :
Trường Đại học Đà Lạt,
2000
|
| Ábhair: | |
| Clibeanna: |
Cuir Clib Leis
Gan Chlibeanna, Bí ar an gcéad duine leis an taifead seo a chlibeáil!
|
| Thư viện lưu trữ: | Thư viện Trường Đại học Đà Lạt |
|---|
| LEADER | 00998nam a2200337 4500 | ||
|---|---|---|---|
| 001 | DLU040026595 | ||
| 005 | ##20021230 | ||
| 040 | # | # | |a DLU |b vie |
| 041 | # | # | |a vie |
| 044 | # | # | |a vn |
| 082 | # | # | |a 570 |b HO-H |
| 100 | # | # | |a Hoàng Việt Hậu |
| 245 | # | # | |a Ảnh hưởng của bức xạ gamma lên sự hình thành các dạng vô sinh và vô sinh F1 ở ruồi hại rau tại Đà Lạt / |c Hoàng Việt Hậu |
| 260 | # | # | |a Đà Lạt : |b Trường Đại học Đà Lạt, |c 2000 |
| 300 | # | # | |a 28 tr. ; |c 30 cm |
| 504 | # | # | |a Tài liệu tham khảo : tr. 27-28 |
| 653 | # | # | |a Đà Lạt |
| 653 | # | # | |a Bức xạ gamma |
| 653 | # | # | |a Ruồi hại rau |
| 653 | # | # | |a Ruồi hại thực vật |
| 653 | # | # | |a Vô sinh |
| 915 | # | # | |a Sinh học, |c Đề tài nghiên cứu khoa học cấp bộ |
| 992 | # | # | |a 0 |
| 994 | # | # | |a DLU |
| 900 | # | # | |a True |
| 911 | # | # | |a Thái Thị Thanh Thủy |
| 925 | # | # | |a G |
| 926 | # | # | |a A |
| 927 | # | # | |a LA |
| 980 | # | # | |a Thư viện Trường Đại học Đà Lạt |